Vista normal
Vista MARC
Entrada Nombre corporativo
Número de registros utilizados en: 39
001 - NÚMERO DE CONTROL
- campo de control: 37229
003 - IDENTIFICADOR DEL NÚMERO DE CONTROL
- campo de control: BNPHU
005 - FECHA Y HORA DE LA ÚLTIMA TRANSACCIÓN
- campo de control: 20250409122709.0
008 - DATOS DE LONGITUD FIJA
- campo de control de longitud fija: 200615|| aca||aabn | a|a d
010 ## - NÚMERO DE CONTROL DE LA BIBLIOTECA DEL CONGRESO
- Número de control de LC: n 82001698
040 ## - FUENTE DE LA CATALOGACIÓN
- Centro catalogador/agencia de origen: DO-SdBNP
- Lengua de catalogación: spa
- Centro/agencia transcriptor: OSt
110 1# - ENCABEZAMIENTO-NOMBRE DE ENTIDAD CORPORATIVA
- Nombre de entidad corporativa o nombre de jurisdicción como elemento de entrada: Universidad Central del Este
410 1# - TRAZADO DE VÉASE--NOMBRE DE ENTIDAD CORPORATIVA
- Nombre de entidad corporativa o nombre de jurisdicción como elemento de entrada: San Pedro de Macorís (República Dominicana).
- Unidad subordinada: Universidad Central del Este
410 2# - TRAZADO DE VÉASE--NOMBRE DE ENTIDAD CORPORATIVA
- Nombre de entidad corporativa o nombre de jurisdicción como elemento de entrada: U.C.E.
410 2# - TRAZADO DE VÉASE--NOMBRE DE ENTIDAD CORPORATIVA
- Nombre de entidad corporativa o nombre de jurisdicción como elemento de entrada: CE
670 ## - FUENTE DE DATOS ENCONTRADOS
- Cita de la fuente: Work cat.: (OSt)16333: Universidad Central del Este (UCE), Historia y trayectoria., 1980.
670 ## - FUENTE DE DATOS ENCONTRADOS
- Cita de la fuente: Serie científica (San Pedro de Macorís). Seminario Nacional La Industria Azucarera y el Desarrollo Dominicano (1980 : Universidad Central del Este). La industria azucarera y el ...
